Miasta w województwie lubelskim z ludnością wiekszą niż 10000 - Statystyki

Ogólne statystyki
  • Ten quiz został rozwiązany 50 razy
  • Średni wynik to 14 z 20
Statystyki odpowiedzi
Liczba ludności Miasto % Poprawnych
329 565 Lublin
98%
58 231 Zamość
96%
57 214 Chełm
89%
43 860 Puławy
87%
54 453 Biała Podlaska
80%
31 296 Kraśnik
80%
36 680 Świdnik
73%
19 734 Lubartów
71%
27 159 Łuków
71%
15 935 Hrubieszów
69%
24 769 Biłgoraj
67%
17 848 Tomaszów Lubelski
64%
10 894 Janów Lubelski
62%
17 665 Łęczna
62%
12 123 Włodawa
58%
17 366 Krasnystaw
56%
10 185 Parczew
56%
14 132 Dęblin
51%
14 293 Radzyń Podlaski
49%
15 389 Międzyrzec Podlaski
42%
Nie znaleziono quizów pasujących do podanych kryteriów
Rozkład punktacji
Procent ludzi z każdym wynikiem
Percentyl według liczby udzielonych odpowiedzi
Twoja historia wyników
Nie rozwiązałeś tego quizu